Métodos de subdivisión /

Guardado en:
Otros Autores: Salgado, Diana P. (Disertante), Castro, Liliana Raquel. (Orientador)
Formato: Manuscrito
Idioma:Spanish
Publicado: 2005.
Materias:
Etiquetas: Agregar Etiqueta
Sin Etiquetas, Sea el primero en etiquetar este registro!
LEADER 00893ntm a22002055a 4500
001 MAT.inmabb007016
008 060919s2005####ag#a#####bm###000#0#spa#d
005 20150506085542.0
245 1 0 |a Métodos de subdivisión /  |c Diana P. Salgado ; director Liliana Castro. 
260 |c 2005. 
300 |a xii, 161 h. :  |b il. ;  |c 30 cm. 
502 |a Tesis (magíster)--Universidad Nacional del Sur. Departamento de Matemática, 2006. 
500 |a Director de tesis: Liliana Castro ; codirección Silvia Castro. 
504 |a Incluye referencias bibliográficas (p. 157-161). 
100 1 |a Salgado, Diana P.  |4 dis 
700 1 |a Castro, Liliana Raquel.  |4 ths 
710 2 |a Universidad Nacional del Sur.  |b Departamento de Matemática.  |4 dgg. 
650 7 |a Matemáticas.  |2 unbist 
859 |a Ar-BaUNS  |b BIB. MATEMATICA  |h 040  |i B148 2006-760  |k R  |p 117160/006 
859 |a Ar-BaUNS  |b BIB. MATEMATICA  |h 040  |i B148 2006-760  |p 117161/006